Socialist thought : a documentary history /

Bibliographic Details
Main Author: Fried, Albert
Other Authors: Sanders, Ronald, 1932-1991
Format: Book
Language:English
Published: Chicago : Aldine Pub. Co., [1964]
Subjects:

MARC

Tag First Indicator Second Indicator Subfields
LEADER 00000cam a2200000 4500
001 in00000061094
005 20160108111410.0
008 720811s1964 ilu b 00010 eng u
035 |a (OCoLC)00378822 
035 |9 AAG9018AM 
040 |c CSU  |d TXA  |d UtOrBLW 
049 |a TXAM  |c 1 [421418] 
090 |a HX39  |b .F78 1964 
092 |a 335  |b F899s 
100 1 |a Fried, Albert. 
245 1 0 |a Socialist thought :  |b a documentary history /  |c Edited by Albert Fried and Ronald Sanders. 
264 1 |a Chicago :  |b Aldine Pub. Co.,  |c [1964] 
300 |a x,544p. ;  |c 22cm. 
336 |a text  |b txt  |2 rdacontent 
337 |a unmediated  |b n  |2 rdamedia 
338 |a volume  |b nc  |2 rdacarrier 
504 |a Bibliography: pages 542-544. 
650 0 |a Socialism. 
650 0 |a Communism. 
700 1 |a Sanders, Ronald,  |d 1932-1991. 
999 |a MARS 
999 f f |s b3f46c73-16c2-3631-86bf-8325b168ea3b  |i ed16ac79-0a55-3139-b487-bb808bd0eaa0  |t 0 
952 f f |p ric  |a Texas A&M University  |b Rellis Campus  |c Joint Library Facility  |d Remote Storage  |t 0  |e HX39 .F78 1964  |h Library of Congress classification  |i unmediated -- volume  |m A14800743451 
998 f f |a HX39 .F78 1964  |t 0  |l Remote Storage